Normal view
MARC view
- Dr. Anwaar Ahmed
Entry Personal Name
001 - CONTROL NUMBER
- control field: 30141
003 - CONTROL NUMBER IDENTIFIER
- control field: NUST
005 - DATE AND TIME OF LATEST TRANSACTION
- control field: 20200916125904.0
008 - FIXED-LENGTH DATA ELEMENTS
- fixed length control field: 200916|| aca||aabn | a|a d
040 ## - CATALOGING SOURCE
- Original cataloging agency: NUST
- Transcribing agency: NUST
100 ## - HEADING--PERSONAL NAME
- Personal name: Dr. Anwaar Ahmed
670 ## - SOURCE DATA FOUND
- Source citation: Work cat.: (NUST): Khan, Beenish Akbar 30140, Prediction of road crash fatalities for Pakistan using aggregate data /, 2014.
